Statistiques concernant Pays se terminant par une voyelle

Cliquez ici pour prendre le quiz!

Statistiques générales

  • Ce quiz a été pris 1 032 fois
    (1 017 depuis la dernière actualisation)
  • Le résultat moyen est 95 sur 131

Statistiques - réponses

LettresPays% Correct
France
91%
Russie
90%
Canada
89%
Espagne
88%
Algérie
87%
Allemagne
87%
Australie
85%
Chine
85%
Irlande
85%
Islande
85%
Italie
85%
Suède
85%
Finlande
84%
Lettonie
84%
Lituanie
84%
Belgique
83%
Estonie
83%
Norvège
83%
AAngola
82%
Autriche
82%
EAlbanie
81%
Andorre
81%
Hongrie
81%
Suisse
81%
Uruguay
81%
Biélorussie
80%
Égypte
80%
Inde
80%
Grèce
79%
YParaguay
79%
Tunisie
79%
Argentine
78%
Chili
78%
Guatemala
78%
Nicaragua
78%
Panama
78%
Roumanie
78%
Slovaquie
78%
Slovénie
78%
Bulgarie
77%
Croatie
77%
Cuba
77%
Guinée
77%
Indonésie
77%
République démocratique du Congo
77%
République du Congo
77%
Venezuela
77%
Colombie
76%
Costa Rica
76%
Mexique
76%
Royaume-Uni
76%
Serbie
76%
Ukraine
76%
Libye
75%
Mali
75%
Malte
75%
Pérou
75%
Pologne
75%
Arabie Saoudite
74%
Arménie
74%
Ghana
74%
Kenya
74%
Moldavie
74%
Nouvelle-Zélande
74%
Kosovo
73%
Monaco
73%
République tchèque
73%
Rwanda
73%
Bolivie
72%
Turquie
72%
Chypre
71%
Érythrée
71%
Guyana
71%
Haïti
71%
Mongolie
71%
Monténégro
71%
Bosnie-Herzégovine
70%
Malaisie
70%
Namibie
70%
Ouganda
70%
Éthiopie
69%
Mauritanie
69%
Togo
69%
Fidji
68%
Tonga
68%
Antigua-et-Barbuda
67%
Botswana
67%
Géorgie
67%
UGuinée-Bissau
67%
Jordanie
67%
Lesotho
67%
Somalie
67%
Tanzanie
67%
Vanuatu
67%
Zambie
67%
Gambie
66%
Nigéria
66%
Samoa
66%
Syrie
66%
Belize
65%
Djibouti
65%
Dominique
65%
Guinée-équatoriale
65%
Jamaïque
65%
Liberia
65%
Tuvalu
65%
Mozambique
64%
République dominicaine
64%
Burundi
63%
Thaïlande
63%
Zimbabwe
63%
Cambodge
62%
Kiribati
62%
Malawi
62%
Barbade
61%
Nauru
61%
Ste-Lucie
61%
Birmanie
60%
Grenade
60%
Côte d'Ivoire
59%
Micronésie
59%
Sri Lanka
58%
OBurkina Faso
57%
Eswatini
57%
Maurice
57%
Papouasie-Nouvelle-Guinée
57%
Centrafrique
55%
Sao Tomé-et-Principe
55%
Sierra Leone
55%
Trinité-et-Tobago
55%
IBrunei
53%

Distribution des résultats

Percentile par nombre de réponses

% des personnes avec chaque résultat

Votre développement - résultats

Vous n’avez pas pris ce quiz depuis la dernière actualisation